Nero di Puglia /

Saved in:
书目详细资料
主要作者: Campobasso, Antonio, (1946- ) (Author)
其他作者: Di Nola, Alfonso M.
格式: 图书
语言:意大利语
出版: Milano : Feltrinelli, 1984
版:4. ed
丛编:I narratori di Feltrinelli ; 266
标签: 添加标签
没有标签, 成为第一个标记此记录!

MARC

LEADER 00000nam a22000007i 4500
001 IT\ICCU\NAP\0002785
003 ItRI
005 20250116223722.0
008 910107s1984 it |||||| ||||| |||||c
020 |a 8807012669 
040 |b ita  |c Arcigay Genova 
041 7 |a ita  |2 ISO-639-2 
100 1 |a Campobasso, Antonio,  |d  (1946- )  |0 IT\ICCU\SBLV\175421  |4 aut 
245 1 0 |a Nero di Puglia /  |c Antonio Campobasso ; prefazione di Alfonso M. Di Nola. 
250 |a 4. ed 
260 |a Milano :  |b Feltrinelli,  |c 1984 
300 |a 115 p. ;  |c 21 cm 
700 1 |a Di Nola, Alfonso M.  |0 IT\ICCU\CFIV\025423 
830 2 |a I narratori di Feltrinelli ;  |v 266  |0 IT\ICCU\CFI\0000744 
942 |2 ddc  |c BK 
952 |0 0  |1 0  |2 ddc  |4 0  |6 853_900000000000000_CAM_NER  |7 1  |9 2928  |a GE  |b GE  |d 2025-01-16  |l 0  |o 853.9 CAM NER  |p 1463  |r 2025-01-16 22:41:15  |w 2025-01-16  |x Donazione di Alvaro Bazzano  |y BK  |z Donazione AB 
981 1 |6 z01  |a i   |b xxxe  
982 1 |6 z01  |a n 
999 |c 2446  |d 2446